000 00759cam a2200241 a 4500
001 000008075
005 20200929154424.0
008 920701s1986 sp 000 f spa d
020 _a8432055913
040 _aDO-SdBNP
_dBNPHU
042 _alccopycat
082 _a863.64
_bM715n
100 1 _aMoix, Terenci,
_d1943-
_921982
245 1 0 _aNo digas que fue un sueño :
_bMarco Antonio y Cleopatra /
_cTerenci Moix.
260 _aBarcelona :
_bPlaneta,
_c1986.
300 _a352 p. ;
_c19 cm.
490 1 _aAutores españoles e hispanoamericanos
586 _a"Premio Planeta 1986."
650 4 _aNovela española
_91123
650 4 _aLiteratura española
_9632
830 0 _aAutores españoles e hispanoamericanos
_95042
910 _aCatalogación derivada
999 _c7852
_d7852